Prijímač časových značiek : Dipl.práca

Enregistré dans:
Détails bibliographiques
Auteur principal: Vodný , Juraj (Auteur)
Autres auteurs: Spudil, Ivan, 1939- (Directeur de thèse)
Format: Manuscrit Livre
Langue:slovaque
Publié: Bratislava : STU v Bratislave FEI, 1998
Sujets:
Tags: Ajouter un tag
Pas de tags, Soyez le premier à ajouter un tag!

MARC

LEADER 00000ntm a22000003a 4500
001 stu49862
005 20160719164925.3
008 990602s1998------------------------slo-d
040 |a STU  |b slo 
041 0 |a slo 
100 1 |a Vodný , Juraj  |4 aut 
245 1 |a Prijímač časových značiek :  |b Dipl.práca 
260 |a Bratislava :  |b STU v Bratislave FEI,  |c 1998 
300 |a 95 s 
650 7 |a elektronika  |2 stusub 
700 1 |a Spudil, Ivan,  |d 1939-  |4 ths  |u E230  |U FEI Fakulta elektrotechniky a informatiky  |T FEI Katedra rádioelektroniky  |X 3794  |U E230  |Y 71  |7 A000003794